Подробности
| 000 -МАРКЕР |
| контрольное поле |
01954nam2a22003251 4500 |
| 001 - ИДЕНТИФИКАТОР ЗАПИСИ |
| контрольное поле |
v19\rc\1875004 |
| 005 - ИДЕНТИФИКАТОР ВЕРСИИ |
| контрольное поле |
20260406165036.0 |
| 035 ## - ДРУГИЕ СИСТЕМНЫЕ НОМЕРА |
| Идентификатор записи |
(NLR Aleph) 005262526 |
| 100 ## - ДАННЫЕ ОБЩЕЙ ОБРАБОТКИ |
| Данные общей обработки |
20080221d1911 |||y0rusy50 ca |
| 101 0# - ЯЗЫК РЕСУРСА |
| Язык текста, звукозаписи и т.д. |
русский |
| 102 ## - СТРАНА ПУБЛИКАЦИИ ИЛИ ПРОИЗВОДСТВА |
| Страна публикации |
Российская Федерация |
| 105 ## - ПОЛЕ КОДИРОВАННЫХ ДАННЫХ: ТЕКСТОВЫЕ МАТЕРИАЛЫ, МОНОГРАФИЧЕСКИЕ |
| Кодированные данные о монографическом текстовом документе |
y z ||||| |
| 200 1# - ЗАГЛАВИЕ И СВЕДЕНИЯ ОБ ОТВЕТСТВЕННОСТИ |
| Основное заглавие |
Фонвизин. Державин. Херасков. Богданович. Хемницер. Капнист |
| Сведения, относящиеся к заглавию |
Полный разбор произведений... |
| 210 ## - ПУБЛИКАЦИЯ, РАСПРОСТРАНЕНИЕ И ДР. |
| Дата издания, распространения и т.д. |
1911 |
| Место издания, распространения и т.д. |
Б. м. |
| 215 ## - ФИЗИЧЕСКАЯ ХАРАКТЕРИСТИКА |
| Специфическое обозначение материала и объем |
100 с. |
| 461 #0 - УРОВЕНЬ НАБОРА |
| Встроенное поле |
001v19\rc\1875000 |
| -- |
2001#$a"Энциклопедия сочинений" для учащих и учащихся$fСост. Г. Корик. Вып. 1-$vВып. 4 |
| Системный номер (АБИС) связанной записи |
5916275 |
| Автор |
Корик, Г. А. (1876-1916) |
| Место публикации |
Одесса |
| Дата публикации |
1910-1912 |
| Первые сведения об ответственности |
Сост. Г. Корик. Вып. 1- |
| Имя издателя, распространителя и т.д. |
тип. газ. "Одес. новостей" |
| Заглавие |
"Энциклопедия сочинений" для учащих и учащихся |
| Номер тома |
Вып. 4 |
| 702 #1 - ИМЯ ЛИЦА - ВТОРИЧНАЯ ОТВЕТСТВЕННОСТЬ |
| Код отношения |
Прочие |
| Материалы, к которым относится поле |
rus |
| Графика поля |
Кириллица |
| Начальный элемент ввода |
Фонвизин |
| Часть имени, кроме начального элемента ввода |
Д. И. |
| Даты |
1745-1792 |
| Расширение инициалов личного имени |
Денис Иванович |
| Идентификатор авторитетной/нормативной записи |
RU\NLR\AUTH\7711401 |
| Системный номер авторитетной/нормативной записи |
121148 |
| 702 #1 - ИМЯ ЛИЦА - ВТОРИЧНАЯ ОТВЕТСТВЕННОСТЬ |
| Код отношения |
Прочие |
| Материалы, к которым относится поле |
rus |
| Графика поля |
Кириллица |
| Начальный элемент ввода |
Державин |
| Часть имени, кроме начального элемента ввода |
Г. Р. |
| Даты |
1743-1816 |
| Расширение инициалов личного имени |
Гаврила Романович |
| Идентификатор авторитетной/нормативной записи |
RU\NLR\AUTH\773473 |
| Системный номер авторитетной/нормативной записи |
113469 |
| 702 #1 - ИМЯ ЛИЦА - ВТОРИЧНАЯ ОТВЕТСТВЕННОСТЬ |
| Код отношения |
Прочие |
| Материалы, к которым относится поле |
rus |
| Графика поля |
Кириллица |
| Начальный элемент ввода |
Богданович |
| Часть имени, кроме начального элемента ввода |
И. Ф. |
| Даты |
1743-1803 |
| Расширение инициалов личного имени |
Ипполит Федорович |
| Идентификатор авторитетной/нормативной записи |
RU\NLR\AUTH\7778862 |
| Системный номер авторитетной/нормативной записи |
61790 |
| 702 #1 - ИМЯ ЛИЦА - ВТОРИЧНАЯ ОТВЕТСТВЕННОСТЬ |
| Код отношения |
Прочие |
| Материалы, к которым относится поле |
rus |
| Графика поля |
Кириллица |
| Начальный элемент ввода |
Капнист |
| Часть имени, кроме начального элемента ввода |
В. В. |
| Даты |
1757-1823 |
| Расширение инициалов личного имени |
Василий Васильевич |
| Идентификатор авторитетной/нормативной записи |
RU\NLR\AUTH\7723173 |
| Системный номер авторитетной/нормативной записи |
6227 |
| 702 #1 - ИМЯ ЛИЦА - ВТОРИЧНАЯ ОТВЕТСТВЕННОСТЬ |
| Код отношения |
Прочие |
| Материалы, к которым относится поле |
rus |
| Графика поля |
Кириллица |
| Начальный элемент ввода |
Херасков |
| Часть имени, кроме начального элемента ввода |
М. М. |
| Даты |
1733-1807 |
| Расширение инициалов личного имени |
Михаил Матвеевич |
| Идентификатор авторитетной/нормативной записи |
RU\NLR\AUTH\7779135 |
| Системный номер авторитетной/нормативной записи |
62063 |
| 702 #1 - ИМЯ ЛИЦА - ВТОРИЧНАЯ ОТВЕТСТВЕННОСТЬ |
| Код отношения |
Прочие |
| Материалы, к которым относится поле |
rus |
| Графика поля |
Кириллица |
| Начальный элемент ввода |
Хемницер |
| Часть имени, кроме начального элемента ввода |
И. И. |
| Даты |
1745-1784 |
| Расширение инициалов личного имени |
Иван Иванович |
| Идентификатор авторитетной/нормативной записи |
RU\NLR\AUTH\7778850 |
| Системный номер авторитетной/нормативной записи |
61778 |
| 801 #2 - ИСТОЧНИК ЗАПИСИ |
| Страна |
Российская Федерация |
| Организация |
NLR |
| Дата составления |
20090727 |
| Источник данных |
rusmarc |
| 801 #0 - ИСТОЧНИК ЗАПИСИ |
| Страна |
Российская Федерация |
| Организация |
NLR |
| Дата составления |
20080221 |
| Правила каталогизации |
psbo |
| 801 #0 - ИСТОЧНИК ЗАПИСИ |
| Страна |
Российская Федерация |
| Организация |
RuMoRGB |
| Дата составления |
20080221 |
| Источник данных |
psbo |
| 801 #1 - ИСТОЧНИК ЗАПИСИ |
| Страна |
Российская Федерация |
| Организация |
ProSoft-M |
| Дата составления |
20080221 |
| Источник данных |
rusmarc |
| 852 ## - МЕСТОНАХОЖДЕНИЕ И ШИФР ХРАНЕНИЯ |
| Идентификатор организации |
NLR |
| Шифр хранения (Call Number) |
37.31.7.24 |
| 942 ## - ДОПОЛНИТЕЛЬНЫЕ ЭЛЕМЕНТЫ ЗАПИСИ (АБИС) |
| Тип экземпляра АБИС |
Книга |
| 980 ## - КОЛЛЕКЦИЯ |
| Название коллекции |
Национальная библиография |